00763nam a2200229Ia 4500003000900000008004100009040001300050040001300063041000800076100002400084100000900108245013400117250001200251260001000263260000900273300001100282300001000293490000600303942000700309999001700316952020000333IT-RoPAU120407s9999 xx 000 0 und d aIT-RoPAU cIT-RoPAU aita aFrancesco Cavazzuti ccur. aLa Sindone. Scienza e fede. Atti del secondo convegno nazionale di Sindonologia, a cura di Lamberto Coppini e Francesco Cavazzuti aBologna aClueb c1983 a482 p. c24 cm v1 cBK c35107d35107 00102ddc406232_91360000000000071aPAULUSbPAULUSd2012-04-11l0o232.9136r2012-04-11 00:00:00w2012-04-11yBKzInserito da: LuigiG In data: 27 ottobre 2011 fondo: Via A.Severo 56 Progr:21774